00306pab a2200121 454500008004000000100001700040245004500057260000900102300001300111362001100124650001500135773003400150180718b2010 xxu||||| |||| 00| 0 eng d aShetty, S.L. aMore tax concessions for more inequality c2010 ap.13-14. a13 Mar aIncome tax aEconomic and Political Weekly